| 000 | 01220naa a22003377a 4500 | ||
|---|---|---|---|
| 001 | BR9509943 | ||
| 003 | BR-BrBNA | ||
| 005 | 20240918181439.0 | ||
| 007 | ta | ||
| 008 | 230509b bl.||||| |||| 00| 0 por d | ||
| 040 |
_aBR-BrBNA _bpor _cBiblioteca Nacional de Agricultura |
||
| 041 | _a(Pt) | ||
| 072 |
_aQ04 _b0140 _b3730 _b9205 |
||
| 090 | _aQ04 BR9509943 | ||
| 100 | 1 | _aMatiello, R.R. | |
| 100 | 1 | _aTavares, M.J.C.M.S. | |
| 100 | 1 | _aPegorado, D.G. | |
| 100 | 1 | _aTaderka, I. | |
| 111 | 1 |
_a15. Reuniao da Comissao Sulbrasileira de Pesquisa de Aveia _cEntre Rios, PR (Brazil) _d5-7 Apr 1995 |
|
| 245 | 1 | _aQuantificacao da proteina bruta em graos de aveia cultivada, especies e hibridos interespecificos | |
| 260 | 3 |
_aGuarapuava, PR (Brasil): _c1995. |
|
| 500 | _a15. Reuniao da Comissao Sulbrasileira de Pesquisa de Aveia Guarapuava, PR (Brasil): 1995. p. 151-154 (BR9509943-AM)Q04 | ||
| 650 | _aAveia | ||
| 650 | _aProteina | ||
| 650 | _aGrao | ||
| 650 | _aHibrido | ||
| 650 | _aAnalise de Alimento | ||
| 773 | 0 |
_t15. Reuniao da Comissao Sulbrasileira de Pesquisa de Aveia _wQ04 BR9509943 _gGuarapuava, PR (Brasil), 1995. p. 151-154 |
|
| 909 |
_a202404 _bLucia _c55 _dLucia Elande |
||
| 942 |
_cAM _2AGRIS |
||
| 999 |
_c325304 _d325304 |
||